000 00622nam a2200241 i 4500
001 C2-0237230
003 PPAK
005 20180727200810.0
008 011206s2001 my |||| ||||| | may d
020 _a9838934518
040 _aPPAK
_beng
_cPPAK
_erda
082 0 4 _a899.233
_223
090 0 0 _a899.233
_bSUL
_dG
100 0 _aSulaiman Salleh,
_eauthor
245 1 0 _aGetaran
264 1 _aKuala Lumpur :
_bCreative Enterprise ,
_c2001
300 _a227 pages ;
_c18 cm
336 _2rdacontent
_atext
337 _2rdamedia
_aunmediated
338 _2rdacarrier
_avolume
650 1 0 _aMalay fiction
942 _ddc
_cB
999 _c52923
_d52923